000 00755nam a22002417a 4500
008 131104b xxu||||| |||| 00| 0 eng d
020 _a0-631-20116-5
024 _cAvailable
037 _cAvailable
040 _aMBSTU LIBRARY
_dMBSTU LIBRARY
082 _222
_a363.7 ENV
110 _aLewis Owen and Tim Unwin.
245 _aEnvironmental management: reading and case studies.
260 _aUSA
_bBlack Well Publishers.
_c1997
300 _a25 cm.
_b492 page
_f1
_g25 cm.
600 _2Environmental pollution.
650 _2Environmental pollution.
710 _aLewis Owen and Tim Unwin.
270 _aUSA
_bUSA
_dUSA
365 _b2399.00
_d2399.00
942 _2ddc
_cBK
999 _c779
_d779